000 01304njm a2200265 a 4500
005 20230705221714.0
008 161213s2016 ck z 000 0 spa
245 0 _aTraditional baby songs and children ring plays from old Providence and Santa Catalina islands = Canciones de cuna y juegos de ronda tradicionales de las islas de Providencia y Santa Catalina
_bsweet songs fl piknini = canciones dulces para niños
_hRegistro sonoro
250 _aEdición especial
300 _a1 disco compacto sonido., stereo (20 minutos)
_c12 cm
490 _a¿Plan Nacional de Lectura y Escritura Leer es mi Cuento. 2016
500 _aIncluye cancionero
505 _aOut and through the window -- London bridge -- Brown girl -- Mayaya O -- Drop a letter -- A little cusy -- Clap han -- Jesus loves me -- Miss Lucy -- A poco
521 _aDesde el nacimiento
650 1 4 _2LEMB
_aCanciones de cuna
_xDisco compacto
_987154
650 1 4 _2LEMB
_aCanciones Infantiles
_xDisco compacto
_987155
650 1 4 _2LEMB
_aJuegos con música
_xDisco compacto
_987156
942 _2loc
_cCD
264 _aBogotá
_bMinisterio de Cultura
_c2016
336 _atexto
_btxt
_2rdacontent
337 _asin mediación
_bn
_2rdamedia
338 _avolumen
_bnc
_2rdacarrier
040 _aCO-BoRNBP
_bspa
_erda
_cCO-BoRNBP
084 _aP TRA8
999 _c3295
_d3295